000 00840na a2200277 4500
001 15817
003 MIRAKIL
005 20181213154746.0
008 160929b tu 000 0
020 _a9786054307722
035 _a15817
040 _aMilas
_btur
_cTR-AnCHP
082 _a956.22621
_bİ67a 2010
090 _a956.22621 İ67a 2010
100 _aİpşiroğlu, Zehra
245 _aAyaspaşa yıllarım
_cZehra İpşiroğlu ; editör Rozerin Doğan
260 _aİstanbul
_bHeyamola yayınları
_c2010
300 _a149 s.
_bres.
_c20 sm.
490 _aHeyamola Yayınları
_v177
651 _aAyaspaşa (İstanbul)
_xTarih
651 _aAyaspaşa (İstanbul)
_xGezi ve tanıtım
651 _aİstanbul
_xKültür
_yTarih
651 _aİstanbul
_xTarih
_yGezi ve tanıtım
700 _aDoğan, Rozerin
942 _2ddc
_cBKS
999 _c360
_d360